| 000 | 00582 a2200145 4500 | ||
|---|---|---|---|
| 001 | 142466 | ||
| 040 | _cLeonardo Da Vinci | ||
| 041 | _aPortuguês | ||
| 082 | _av208 | ||
| 100 | _aCOLÉGIO Leonardo da Vinci - Anglo | ||
| 245 | _aHistória em ação | ||
| 490 | _aHistória em ação; Cultura | ||
| 697 |
_aAnglo _aHistória _aCrise dos mísseis _aRevolução Cubana _aIndependência de Cuba _aApartheid _aPrimeira Guerra _aIugoslávia _aO Desdobramento da Revolução Russa _aNazismo _aFascismo _aCrise de 1929 (EUA) _aPlano Quinquenal _aNascimento do Nazismo _aAnti-Semitismo |
||
| 942 | _cVM | ||
| 999 |
_c142466 _d142466 |
||